|
|
|
|
| LEADER |
00000nam a2200000 a 4500 |
| 001 |
vtls008394097 |
| 003 |
SK-MaSNL |
| 005 |
20260331204913.0 |
| 008 |
181109s1953 xo rus |
| 015 |
|
|
|a SKSNBA19451955-010218
|
| 035 |
|
|
|a SK01SNKBKSFS20020086314
|
| 035 |
|
|
|a SKM000088777
|
| 040 |
|
|
|a SNK
|b slo
|c SNK
|e AACR2
|
| 041 |
0 |
|
|a rus
|
| 044 |
|
|
|a xo
|c SK
|
| 080 |
|
|
|a 373(075)
|2 1981
|
| 080 |
|
|
|a 82(075)
|2 1981
|
| 100 |
1 |
|
|a Rjabinina, Natália,
|d 1927-
|4 com
|9 49233
|
| 245 |
1 |
0 |
|a Kniga dlja čtenija dlja 3 klassa srednej školy
|c (sost. N[atalija] Rjabinina, B. Čebotarev, F. Gaburčak)
|
| 260 |
|
|
|a Bratislava
|b Slov. ped. izd.
|c 1953
|e Prjašev
|f Dukeľ. druk.
|
| 300 |
|
|
|a 234, [5] s.
|c V. 8°
|
| 500 |
|
|
|a Ilustrované
|
| 563 |
|
|
|a 2.500 výtlač.
|
| 650 |
0 |
7 |
|a čítanky
|x učebnice stredných škôl
|2 SNK
|9 344851
|
| 655 |
|
7 |
|a učebnice
|2 SNKPH
|9 22521
|
| 700 |
1 |
|
|a Čebotarev, Boris,
|d 1917-1978
|4 com
|9 48746
|
| 700 |
1 |
|
|a Gaburčak, F.
|4 com
|9 344852
|
| 852 |
|
|
|a Slovenská národná knižnica v Martine
|b 10000
|h MS SD 8305
|
| 958 |
|
|
|a RK
|
| 958 |
|
|
|a TL
|
| 999 |
|
|
|c 590213
|d 592143
|
| 952 |
|
|
|a SNK
|b SNK
|y VYP
|7 0
|p 17A1149212
|o snkSD 8305 D1
|i snkF 8447/63
|8 5
|0 0
|1 0
|4 0
|d 2016-01-14
|l 0
|r 2026-02-23 15:21:59
|w 2026-02-23
|